000 01619cam a22004454i 4500
003 PE-LiUPU
005 20250731165415.0
008 151126s2008 pe grm 000 0 spa d
035 _a(Sirsi) a155267
040 _aPE-LiUPU
_bspa
_cPE-LiUPU
_erda
099 _aSP 3
_bE37 2008
100 1 _aElera Rázuri, Rosalía Estefanía
_eautor
245 1 _aPrograma de reforzamiento nutricional en la desnutrición de niños menores de tres años en la provincia de San Miguel, Cajamarca, 2008 /
_cRosalía Estefanía Elera Rázuri.
264 0 _c2008.
300 _a87 hojas
_c31 cm
336 _atext
_2rdacontent
337 _aunmediated
_2rdamedia
338 _avolume
_2rdacarrier
502 _aTesis
_b(Mg.) --
_cUniversidad Peruana Unión,
_d2008.
504 _aIncluye referencias
520 3 _aDeterminar la efectividad del programa de reforzamiento nutricional en el incremento del conocimiento, las prácticas y las actitudes de las madres sobre la nutrición de los niños menores de tres años, en la provincia de San Miguel, Región Cajamarca, año 2008.
526 _aSEG44
526 _aSEG26
526 _aP151
526 _aP150
526 _aP149
526 _aP146
526 _aP145
526 _aP126
526 _aP125
526 _aP92
526 _aP75
526 _aP74
526 _aP27
526 _aP15
650 0 4 _aDesnutrición infantil
_xTratamiento.
596 _a1
942 _2ddc
_cTESIS
999 _aSP 3 E37 2008
_wALPHANUM
_c7949
_iT01084
_lCCODEBUL3
_mBUL
_r1
_sY
_tTESIS
_u2015-11-26
_xPOSGRADO
_PP82
_o.STAFF. Tesis
_d7949
980 _81
_gALBERTO SANCHEZ Responsable de Automatización